Christopher Columbus quiz - Statistics

General Stats
  • This quiz has been taken 39 times
  • The average score is 6 of 10
Answer Stats
Hint Answer % Correct
The names of his famous ships? Santa Maria
93%
and Nina
90%
and Pinta
90%
In which city was he born? Genoa
77%
In which century was he born? 15th
67%
Which Spanish queen funded his voyages? Isabella
67%
Which country did he first approach for funding? Portugal
50%
In which year did he die? 1506
40%
When finding Bahamas he named it what? San Salvador
23%
Which group of islands did he first sail to? Canary Islands
20%
No matching quizzes found
Score Distribution
Percent of People with Each Score
Percentile by Number Answered
Your Score History
You have not taken this quiz